| 000 | 00730cam a22002533a 4500 | ||
|---|---|---|---|
| 001 | 22112 | ||
| 003 | PGUSA | ||
| 005 | 20140828083454.0 | ||
| 008 | 070720s2007||||xxu|||||s|||||000 | eng d | ||
| 040 |
_aPGUSA _beng |
||
| 042 | _adc | ||
| 050 | 4 | _aPZ | |
| 050 | 4 | _aBX | |
| 100 | 1 |
_aCanton, William, _d1845-1926 |
|
| 245 | 1 | 2 |
_aA Child's Book of Saints _h[electronic resource] / _cWilliam Canton |
| 260 |
_bProject Gutenberg, _c2007 |
||
| 506 | _aPublic domain in the USA. | ||
| 516 | _aElectronic text | ||
| 653 | _aChristian saints -- Juvenile literature | ||
| 700 | 1 |
_aRobinson, T. H. _q(Thomas Heath), _d1869-1950 |
|
| 830 | 0 |
_aProject Gutenberg _v22112 |
|
| 856 | 4 | 0 | _uhttp://www.gutenberg.org/ebooks/22112 |
| 942 | _cEB | ||
| 999 |
_c251367 _d251367 |
||